000 00850nam a2200253Ia 4500
003 OSt
005 20221005113059.0
006 a|||||r|||| 00| 0
007 ta
008 221004b |||||||| |||| 00| 0 pan d
020 _a81876541686 (hbk)
_cIndian Rupees 200
024 _a33801
037 _bGift, 28/09/2017,
_cTextual
040 _aCRL
_cCRL
_bpan
041 _2pan
_apan
082 _aO153:g, P9
100 _aਕੁਲਦੀਪ ਕੌਰ, ਂਚ.
245 0 _aਪੰਜਾਬੀ ਸਾਹਿਤ ਸੰਵਾਦ
260 _aਦਿੱਲੀ
_bਮਨਪ੍ਰੀਤ ਪ੍ਰਕਾFਨ ਭਾਰਤ
_c2009
300 _a119ਪ੍ਰ0
_ccm.
650 _aਪੰਜਾਬੀ ਸਾਹਿਤ
942 _hO153:g, P9
_cTEXL
_2cc
999 _c1026975
_d1026975